| 000 | 00511nam a2200181 i 4500 | ||
|---|---|---|---|
| 001 | 105774 | ||
| 003 | ES-MaACL | ||
| 007 | t| | ||
| 008 | 060828s1972 ag ||||1| spa d | ||
| 080 | _a331.105.44(82) | ||
| 100 | 1 |
_aCorrea, Jorge. _940749 |
|
| 245 | 1 | 4 |
_aLos jerarcas sindicales / _cJorge Correa. |
| 260 |
_aBuenos Aires : _bPolémica, _c1972. |
||
| 300 |
_a108 p. ; _c20 cm. |
||
| 500 | _aBiblioteca Juan Andrade. | ||
| 650 | 1 | 4 |
_aSindicatos- _zArgentina. _917118 |
| 852 |
_aES-MaACL _jAND-577 _bR.109880 |
||
| 999 |
_c105774 _d105774 |
||